| 000 | 00499nam a22001697a 4500 | ||
|---|---|---|---|
| 005 | 20240920161205.0 | ||
| 008 | 240920b |||||||| |||| 00| 0 eng d | ||
| 020 | _a978-93-5480-135-8 | ||
| 041 | _aeng | ||
| 082 | _a362.178 | ||
| 100 |
_aKUMAR, DR. VERENDRA & ADKARPATIL, DR. PRAFULLA P. AND MISHRA, KISLAY KUMAR AND KUMAR VAIBHAV _98569 |
||
| 245 | _aSOCIAL PHARMACY [D.PHARMA. 1ST YEAR ] | ||
| 250 | _a1ST RE-PRINT ED. 2024 | ||
| 300 | _a304;P | ||
| 650 |
_aPHARMACY _xD.PHARMA |
||
| 942 | _cBK | ||
| 999 |
_c8698 _d8696 |
||